Egypt's sunken treasures / (Record no. 60595)
[ view plain ]
| 000 -الفاتح | |
|---|---|
| حقل البيانات ثابتة الطول | 00786nam a22002417a 4500 |
| 005 - وقت وتاريخ اخر تعامل مع التسجيلة | |
| رقم الضبط | 20240530110418.0 |
| 008 - عناصر البيانات ثابتة الطول - معلومات عامة | |
| حقل البيانات ثابتة الطول | 150309s2008 ua aol f b 001 0 eng d |
| 020 ## - الرقم الدولى المعيارى للكتب | |
| الرقم الدولى المعيارى للكتاب | 9774162153 |
| 040 ## - مصدر الفهرسة | |
| وكالة الفهرسة الأصلية | EG-CaGPL |
| وكالة النسخ | EG-CaGPL |
| 082 04 - رقم تصنيف ديوى العشرى | |
| رقم الطبعة | 21 |
| رقم التصنيف | 930.1 |
| رقم المادة | CC/G E |
| 100 1# - المدخل الرئيسى - إسم شخصى | |
| رمز الرابط | Goddio , Franck |
| 245 ## - بيان العنوان | |
| العنوان | Egypt's sunken treasures / |
| بيان المسئوليه,etc | edited by Franck Goddio with David Fabre, photography of the artefacts by Christoph Gerigk with a foreword by Zahi Hawass. |
| 260 ## - PUBLICATION, DISTRIBUTION, ETC. (IMPRINT) | |
| تاريخ النشر أو التوزيع | 2008. |
| 300 ## - الوصف المادى | |
| التعداد | 399 P. : |
| تفاصيل ماديه اخرى للوعاء | ill. ; |
| أبعاد الوعاء | 28 cm. |
| 650 0# - المدخل الاضافى بالموضوع-مصطلح موضوعى | |
| مصطلح موضوعي | Archeology |
| 650 0# - المدخل الاضافى بالموضوع-مصطلح موضوعى | |
| مصدر الرأس أو المصطلح | Egypt |
| التقسيم الفرعي العام | Antiquities |
| 700 1# - المدخل الاضافى - اسم شخصى | |
| رمز الرابط | GODDIO, Franck. |
| 700 1# - المدخل الاضافى - اسم شخصى | |
| الإسم الشخصى | FABRE, David. |
| 700 1# - المدخل الاضافى - اسم شخصى | |
| الإسم الشخصى | GERIGK, Christoph. |
| 942 ## - عناصر المدخل الإضافي( كوها) | |
| مصدر التصنيف او مخطط الترفيف | Dewey Decimal Classification |
| Koha [default] item type | كتاب |
| 260 ## - PUBLICATION, DISTRIBUTION, ETC. (IMPRINT) | |
| -- | Cairo : |
| -- | The American University in Cairo Press, |
| حالة التراجع | حالة الفقد | مصدر التصنيف او خطة الترفيف | حالة تلف | ليس للاعارة | المكان المؤقت | الموقع الحالى | تاريخ الاكتساب | اجمالي اﻻعارات | رقم الطلب | الباركود | تاريخ اخر مشاهدة | تاريخ تفعيل السعر | نوع وعاء كوها |
|---|---|---|---|---|---|---|---|---|---|---|---|---|---|
| ddc | مكتبة القاهرة الكبرى | مكتبة القاهرة الكبرى | 03/09/2015 | 930.1 CC/G E | 159693 | 03/09/2015 | 03/09/2015 | كتاب |

